ARTIFICIAL PARADISE SCIENCE FICTION AND (Record no. 15908)

MARC details
000 -LEADER
fixed length control field 00322nam a2200121Ia 4500
008 - FIXED-LENGTH DATA ELEMENTS--GENERAL INFORMATION
fixed length control field 240624s9999 xx 000 0 und d
041 ## - LANGUAGE CODE
Language code of text/sound track or separate title eng
082 ## - DEWEY DECIMAL CLASSIFICATION NUMBER
Classification number 823 BEN
100 ## - MAIN ENTRY--PERSONAL NAME
Personal name BEN TOV SHARONA E
245 ## - TITLE STATEMENT
Title ARTIFICIAL PARADISE SCIENCE FICTION AND
260 ## - PUBLICATION, DISTRIBUTION, ETC.
Date of publication, distribution, etc. 1995
Place of publication, distribution, etc. MIchigan
Name of publisher, distributor, etc. University of Michigan Press
365 ## - TRADE PRICE
Currency code RS
Holdings
Withdrawn status Lost status Damaged status Not for loan Home library Current library Shelving location Date acquired Source of acquisition Cost, normal purchase price Total Holds Full call number Barcode Date last seen Copy number Price effective from Koha item type
        IMTN IMTN Rack 39-A 11/19/2010 FK 3803.00 32767 823 BEN 15908 06/24/2024 1 06/24/2024 Books
Designed & Maintained by: LRC IMT Nagpur Contact: lrc@imtnag.ac.in© 2024. All Rights Reserved.